| 000 | 00662cam a2200241 i 4500 | ||
|---|---|---|---|
| 001 | 390722 | ||
| 005 | 20180220074954.0 | ||
| 008 | 790116s1979 nyu b 001 0 eng | ||
| 010 | _a 79000558 | ||
| 020 | _a0826126200 | ||
| 020 | _a0826126219 (pbk.) | ||
| 040 |
_aDLC _cDLC _dCU _dDLC |
||
| 041 | _aeng | ||
| 043 | _an-us--- | ||
| 080 | _a362.60420973 MOR | ||
| 082 | 0 | 0 | _a362.60420973 MOR |
| 100 | 1 | _a50 | |
| 101 | _aSOC | ||
| 245 | 1 | 0 |
_aBecoming old : _cJohn C. Morgan. |
| 504 | _aIncludes bibliographical references and index. | ||
| 906 |
_a7 _bcbc _corignew _d1 _eocip _f19 _gy-gencatlg |
||
| 942 |
_2ddc _cBK |
||
| 999 |
_c42929 _d42929 |
||